<?xml version="1.0" encoding="UTF-8"?>
<marc:record xmlns:marc="http://www.loc.gov/MARC21/slim">
   <marc:leader>00000nam a2200000 a 4500</marc:leader>
   <marc:datafield ind1="1" ind2=" " tag="100">
      <marc:subfield code="a">Keller, Charles</marc:subfield>
      <marc:subfield code="4">aut</marc:subfield>
      <marc:subfield code="e">Verfasser/-in</marc:subfield>
   </marc:datafield>
   <marc:datafield ind1=" " ind2=" " tag="653">
      <marc:subfield code="a">Kinderbuch</marc:subfield>
   </marc:datafield>
   <marc:datafield ind1=" " ind2=" " tag="653">
      <marc:subfield code="a">Englisch</marc:subfield>
   </marc:datafield>
   <marc:datafield ind1="0" ind2="0" tag="245">
      <marc:subfield code="a">Super Silly Riddles</marc:subfield>
   </marc:datafield>
   <marc:datafield ind1=" " ind2="1" tag="264">
      <marc:subfield code="b">Sterling Publishing</marc:subfield>
      <marc:subfield code="c">2002</marc:subfield>
   </marc:datafield>
   <marc:datafield ind1="1" ind2=" " tag="520">
      <marc:subfield code="a">The fun starts here and now! These super silly riddles will have you snorting and chuckling! You won't stop laughing out loud, even in school! What do you call a fish without an eye? A: a fish! What do you call pigs that drive vans? A: Squeals on wheels. Why did the computer hacker refuse to kill spiders? A: He needed the web sites. What tree catches the most diseases? A: Sycamore. What do you call a book with the most hilarious side-splitters ever? A: Super Silly Riddles (of course!) *500 jokes arranged by theme: Asleep at the Switch - Beating around the Bush - Cracking up - Wits end - Gags to riches - April fool - Monkey business - Out on a limb - Rib ticklers - Tickled pink - *500-entry index of subjects so you can easily find a joke on any subject. </marc:subfield>
   </marc:datafield>
   <marc:datafield ind1=" " ind2=" " tag="020">
      <marc:subfield code="a">9780806977232</marc:subfield>
      <marc:subfield code="9">9780806977232</marc:subfield>
   </marc:datafield>
</marc:record>
